000 01355cam a2200277 4500500
005 20260208005100.0
041 _afre
042 _adc
100 1 0 _aRobinson, David M.
_eauthor
245 0 0 _aThe Movement’s Medium: Fuller, Emerson, and the Dial
260 _c2015.
500 _a73
520 _aLes efforts de Ralph Waldo Emerson et Margaret Fuller pour instituer le Dial en 1840 marquent un tournant dans l’histoire du mouvement transcendantaliste américain. Tel qu’il nous apparaît aujourd’hui, le Dial a surtout permis à Fuller d’en être l’un des contributeurs réguliers, voire l’y a contrainte. Les textes qu’elle a donnés au magazine ont élargi son horizon littéraire et l’ont conduite vers de nouveaux territoires de pensée, ouvrant la voie à ses plus grands succès quelques années plus tard.
690 _aconversations littéraires
690 _aDial
690 _aféminisme
690 _apériodiques
690 _atranscendantalisme
690 _aconversations
690 _aDial
690 _afeminism
690 _aperiodicals
690 _atranscendentalism
786 0 _nRevue française d’études américaines | 140 | 3 | 2015-06-10 | p. 24-36 | 0397-7870
856 4 1 _uhttps://shs.cairn.info/revue-francaise-d-etudes-americaines-2014-3-page-24?lang=en&redirect-ssocas=7080
999 _c1650491
_d1650491